Honorarios

Detalles Bibliográficos
Autor principal: Tinti, Guillermo Pedro
Otros Autores: Tinti, Pedro Len̤
Formato: eBook
Lenguaje:español
Publicado: Cr̤doba: Alveroni Ediciones, 2014
Materias:
Acceso en línea:Acceso restringido

MARC

LEADER 00000nam a22000007a 4500
005 2014091603503.0
007 cr|||| ||||
008 140916s2014 ar |||||s|||| 00||0 spa d
020 |a 978-987-643-105-7 
035 |a 12374 
040 |a vLex 
090 |c 5157  |d 5157 
100 1 |a Tinti, Guillermo Pedro 
245 1 0 |a Honorarios  |h [Recurso electrn̤ico] /  |c Guillermo Pedro Tinti, Pedro Len̤ Tinti 
256 |a Servicio en ln̕ea 
260 |a Cr̤doba:  |b Alveroni Ediciones,  |c 2014 
300 |a 1 recurso electrn̤ico 
506 1 |a Disponible solo en los productos indicados  |d vLex Global  |d vLex Global (Academic Edition, excluding Law Schools)  |d vLex Global (U.S. Academic Edition, Law Schools)  |d vLex Global (U.S. Academic Edition, excluding Law Schools)  |d vLex Global (Academic Edition, Law Schools) 
650 0 4 |a Derecho Procesal  |z Argentina 
700 1 |a Tinti, Pedro Len̤ 
740 0 |a vLex Libros (Servicio en ln̕ea) 
856 4 0 |u http://vlex.com/source/honorarios-12374  |z Acceso restringido 
942 |c BOOK 
999 0 |a Litigation